| 000 | 003800000a22001570004500 | ||
|---|---|---|---|
| 003 | LK-CoMWRAF | ||
| 008 | 230817t ||||| |||| 00| 0 eng d | ||
| 040 |
_aLK-CoMWRAF _dLK-CoMWRAF _eLK-CoMWRAF |
||
| 041 | _aeng | ||
| 082 |
_a460 _bMAN |
||
| 245 |
_aManitha Urimaikal _bKalvikai nool |
||
| 260 |
_aColombo _bSKUS _c1997 |
||
| 300 | _ap.102 | ||
| 650 | _ahuman rights | ||
| 942 | _cBK | ||
| 999 |
_c3035 _d3035 |
||